[Event "Mecklenburg VP VL1819"]
[Site "Mecklenburg VP"]
[Date "2018.11.11"]
[Round "2.4"]
[White "Junggebauer, Thomas"]
[Black "Boecking, Uwe"]
[Result "1-0"]
[WhiteElo "1902"]
[BlackElo "1721"]
[PlyCount "49"]
[EventDate "2018.10.21"]
[EventType "team-tourn"]
[EventRounds "9"]
[EventCountry "GER"]
[SourceTitle "EXT 2022"]
[Source "ChessBase"]
[SourceDate "2021.10.06"]
[SourceVersion "1"]
[SourceVersionDate "2021.10.06"]
[SourceQuality "1"]
[WhiteTeam "Wismar ASV Gruen-Weiss"]
[BlackTeam "Warnemuende SF Ostsee"]
[WhiteTeamCountry "GER"]
[BlackTeamCountry "GER"]

1. e4 c5 2. Nf3 e6 3. d4 cxd4 4. Nxd4 a6 5. Nc3 Qc7 6. Be2 Nf6 7. Bg5 Bb4 8. f3 Bxc3+ 9. bxc3 Qxc3+ 10. Kf2 Nc6 11. Be3 Nxd4 12. Bxd4 Qc7 13. c4 d6 14. Qb3 Bd7 15. Bb6 Qc6 16. Rhd1 0-0 17. Rd2 Ne8 18. Rad1 e5 19. c5 Be6 20. Qe3 f5 21. exf5 dxc5 22. fxe6 Qxb6 23. Bc4 Kh8 24. e7 Rf6 25. Rd8 1-0

[Event "Mecklenburg VP LL 1617"]
[Site "Mecklenburg VP"]
[Date "2017.01.15"]
[Round "5.6"]
[White "Kohn, Thomas2"]
[Black "Junggebauer, Thomas"]
[Result "1/2-1/2"]
[WhiteElo "1857"]
[BlackElo "1849"]
[PlyCount "78"]
[EventDate "2016.10.16"]
[EventType "team-tourn"]
[EventRounds "9"]
[EventCountry "GER"]
[SourceTitle "EXT 2022"]
[Source "ChessBase"]
[SourceDate "2021.10.06"]
[SourceVersion "1"]
[SourceVersionDate "2021.10.06"]
[SourceQuality "1"]
[WhiteTeam "Stralsund FHSG"]
[BlackTeam "Wismar ASV Gruen-Weiss"]
[WhiteTeamCountry "GER"]
[BlackTeamCountry "GER"]

1. Nf3 c5 2. g3 Nc6 3. Bg2 Nf6 4. c4 d6 5. Nc3 Bg4 6. 0-0 e6 7. Qa4 Qd7 8. e3 Be7 9. d4 Bxf3 10. Bxf3 cxd4 11. Bxc6 bxc6 12. exd4 0-0 13. Bg5 h6 14. Bxf6 Bxf6 15. Rad1 d5 16. c5 Qb7 17. Qc2 Qb4 18. a3 Qa5 19. Qc1 Rab8 20. b4 Qa6 21. Rfe1 Rb7 22. Nb1 Qa4 23. Nc3 Qb3 24. Re3 Qc4 25. Ne4 Qxc1 26. Nxf6+ gxf6 27. Rxc1 Re8 28. f4 Kg7 29. Rce1 f5 30. Kf2 h5 31. h3 Rh8 32. Rb3 Kf6 33. Reb1 Rhb8 34. a4 a6 35. Kf3 Ke7 36. g4 hxg4+ 37. hxg4 fxg4+ 38. Kxg4 Rg8+ 39. Kf3 Rgb8 1/2-1/2

[Event "Mecklenburg VP LL 1617"]
[Site "Mecklenburg VP"]
[Date "2016.11.06"]
[Round "2.7"]
[White "Hasselmann, Dieter"]
[Black "Junggebauer, Thomas"]
[Result "1-0"]
[WhiteElo "2028"]
[BlackElo "1849"]
[PlyCount "59"]
[EventDate "2016.10.16"]
[EventType "team-tourn"]
[EventRounds "9"]
[EventCountry "GER"]
[SourceTitle "EXT 2022"]
[Source "ChessBase"]
[SourceDate "2021.10.06"]
[SourceVersion "1"]
[SourceVersionDate "2021.10.06"]
[SourceQuality "1"]
[WhiteTeam "Schwerin SF II"]
[BlackTeam "Wismar ASV Gruen-Weiss"]
[WhiteTeamCountry "GER"]
[BlackTeamCountry "GER"]

1. e4 c5 2. c3 e6 3. d4 cxd4 4. cxd4 d5 5. e5 Nc6 6. Nf3 Qb6 7. Be2 Bd7 8. 0-0 Nge7 9. Nc3 Nf5 10. Na4 Qa5 11. Bd2 Bb4 12. Bxb4 Qxb4 13. a3 Qe7 14. Rc1 0-0 15. Nc5 Be8 16. b4 f6 17. b5 Na5 18. Qa4 b6 19. Na6 Bd7 20. Rc7 Rfc8 21. Rfc1 Qd8 22. h3 Ne7 23. Qb4 Nc4 24. Bxc4 Rxc7 25. Nxc7 Qxc7 26. Qxe7 Re8 27. Qb4 Rc8 28. exf6 gxf6 29. Qe7 Rf8 30. Qxh7+ 1-0

[Event "Mecklenburg VP VL 1516"]
[Site "Mecklenburg VP"]
[Date "2015.09.20"]
[Round "1.7"]
[White "Schumann, Harald"]
[Black "Junggebauer, Thomas"]
[Result "1/2-1/2"]
[WhiteElo "1937"]
[BlackElo "1798"]
[PlyCount "34"]
[EventDate "2015.09.20"]
[EventType "team-tourn"]
[EventRounds "9"]
[EventCountry "GER"]
[SourceTitle "EXT 2022"]
[Source "ChessBase"]
[SourceDate "2021.10.06"]
[SourceVersion "1"]
[SourceVersionDate "2021.10.06"]
[SourceQuality "1"]
[WhiteTeam "Rostock SSC 07 II"]
[BlackTeam "Wismar ASV Gruen-Weiss"]
[WhiteTeamCountry "GER"]
[BlackTeamCountry "GER"]

1. e4 c5 2. Nf3 e6 3. Bc4 d5 4. exd5 exd5 5. Bb5+ Bd7 6. Bxd7+ Qxd7 7. 0-0 Nf6 8. Re1+ Be7 9. d4 0-0 10. Nc3 Nc6 11. Bf4 Rfe8 12. Ne5 Qf5 13. Be3 cxd4 14. Bxd4 Nxd4 15. Qxd4 Bd6 16. Nd3 Qh5 17. h3 Rac8 1/2-1/2

[Event "Mecklenburg VP LL2 West 1415"]
[Site "Mecklenburg VP"]
[Date "2015.04.12"]
[Round "8.1"]
[White "Martens, Rolf Dieter"]
[Black "Junggebauer, Thomas"]
[Result "1-0"]
[WhiteElo "1871"]
[BlackElo "1786"]
[PlyCount "84"]
[EventDate "2014.09.21"]
[EventType "team-tourn"]
[EventRounds "9"]
[EventCountry "GER"]
[SourceTitle "EXT 2022"]
[Source "ChessBase"]
[SourceDate "2021.10.06"]
[SourceVersion "1"]
[SourceVersionDate "2021.10.06"]
[SourceQuality "1"]
[WhiteTeam "Schwerin SV Einheit"]
[BlackTeam "Wismar ASV Gruen-Weiss II"]
[WhiteTeamCountry "GER"]
[BlackTeamCountry "GER"]

1. e4 c5 2. Nf3 Nc6 3. d4 cxd4 4. Nxd4 e6 5. c4 Nf6 6. Nc3 Be7 7. Be2 0-0 8. 0-0 a6 9. a3 Qc7 10. Nb3 b6 11. Be3 d6 12. Qc2 Ne5 13. Nd2 Neg4 14. Bf4 e5 15. Bg5 h6 16. Bxg4 hxg5 17. Bxc8 Raxc8 18. Qd3 g6 19. Rfd1 Kg7 20. Rac1 Rfd8 21. b3 Qb7 22. Nf1 d5 23. Nxd5 Bxa3 24. Ra1 Bc5 25. Re1 b5 26. Qg3 Qa7 27. Re2 Re8 28. Qxg5 Bxf2+ 29. Kh1 Nxd5 30. cxd5 Rc3 31. Rd1 Bd4 32. Ng3 Qc5 33. Rf1 Kg8 34. Nh5 Qe7 35. Nf6+ Kg7 36. Nxe8+ Qxe8 37. Qf6+ Kg8 38. b4 Qf8 39. Ra2 Be3 40. Rxa6 Rc1 41. Rxc1 Bxc1 42. d6 Qc8 1-0

[Event "Mecklenburg VP VL 1415"]
[Site "Mecklenburg VP"]
[Date "2015.01.18"]
[Round "5.8"]
[White "Junggebauer, Thomas"]
[Black "Ernst, Mathias"]
[Result "1-0"]
[WhiteElo "1786"]
[BlackElo "1630"]
[PlyCount "83"]
[EventDate "2014.09.21"]
[EventType "team-tourn"]
[EventRounds "9"]
[EventCountry "GER"]
[SourceTitle "EXT 2022"]
[Source "ChessBase"]
[SourceDate "2021.10.06"]
[SourceVersion "1"]
[SourceVersionDate "2021.10.06"]
[SourceQuality "1"]
[WhiteTeam "Wismar ASV Gruen-Weiss"]
[BlackTeam "Rostock HSG Uni"]
[WhiteTeamCountry "GER"]
[BlackTeamCountry "GER"]

1. e4 c5 2. Nf3 Nc6 3. Bb5 d6 4. Bxc6+ bxc6 5. d3 Nf6 6. h3 g6 7. 0-0 Bg7 8. e5 Nd5 9. exd6 Qxd6 10. Nbd2 0-0 11. Ne4 Qc7 12. Nxc5 Rb8 13. c3 e5 14. Qa4 Rb5 15. Nb3 Rb8 16. Bd2 Bf5 17. d4 f6 18. Rfe1 Rfe8 19. Qa3 e4 20. Nh2 Bf8 21. Nc5 h5 22. b4 Bd6 23. Nf1 Qc8 24. h4 Re7 25. Qb3 Kh7 26. Ne3 Nf4 27. Qc2 Bxc5 28. bxc5 Nd3 29. Reb1 Reb7 30. Rb3 Rxb3 31. axb3 Qc7 32. b4 Qf4 33. Bc1 Qxh4 34. Rxa7+ Kh8 35. Qd2 Qf4 36. Nxf5 Qxd2 37. Bxd2 gxf5 38. g3 Re8 39. Kg2 Nb2 40. Kh3 Nd3 41. Be3 Ne1 42. Kh4 1-0

[Event "Mecklenburg VP VL 1213"]
[Site "Mecklenburg VP"]
[Date "2013.04.14"]
[Round "8.3"]
[White "Dettmann, Holger"]
[Black "Junggebauer, Thomas"]
[Result "1/2-1/2"]
[WhiteElo "1904"]
[BlackElo "1883"]
[PlyCount "49"]
[EventDate "2012.10.14"]
[EventType "team-tourn"]
[EventRounds "9"]
[EventCountry "GER"]
[SourceTitle "EXT 2022"]
[Source "ChessBase"]
[SourceDate "2021.10.06"]
[SourceVersion "1"]
[SourceVersionDate "2021.10.06"]
[SourceQuality "1"]
[WhiteTeam "Guestrow/Teterow"]
[BlackTeam "Wismar ASV Gruen-Weiss"]
[WhiteTeamCountry "GER"]
[BlackTeamCountry "GER"]

1. d3 d5 2. c3 Nf6 3. Qc2 e5 4. e4 Be7 5. Nf3 Nc6 6. Bg5 0-0 7. Be2 h6 8. Bh4 Nh7 9. Bxe7 Nxe7 10. Nxe5 Qd6 11. Nf3 Ng6 12. g3 Re8 13. Nbd2 Nf6 14. 0-0-0 dxe4 15. dxe4 Qb6 16. Nd4 Be6 17. Nxe6 Qxe6 18. Bc4 Qb6 19. f3 Ne5 20. Rhe1 Rad8 21. Qb3 Qxb3 22. axb3 Rxd2 23. Kxd2 Nxf3+ 24. Kd3 Nxe1+ 25. Rxe1 1/2-1/2

[Event "Mecklenburg VP VL 1213"]
[Site "Mecklenburg VP"]
[Date "2013.02.24"]
[Round "6.4"]
[White "Junggebauer, Thomas"]
[Black "Kutschke, Peter"]
[Result "0-1"]
[WhiteElo "1883"]
[BlackElo "1959"]
[PlyCount "90"]
[EventDate "2012.10.14"]
[EventType "team-tourn"]
[EventRounds "9"]
[EventCountry "GER"]
[SourceTitle "EXT 2022"]
[Source "ChessBase"]
[SourceDate "2021.10.06"]
[SourceVersion "1"]
[SourceVersionDate "2021.10.06"]
[SourceQuality "1"]
[WhiteTeam "Wismar ASV Gruen-Weiss"]
[BlackTeam "Rostock HSG Uni"]
[WhiteTeamCountry "GER"]
[BlackTeamCountry "GER"]

1. e4 d5 2. exd5 Nf6 3. Bb5+ Bd7 4. Bc4 Bg4 5. f3 Bc8 6. Nc3 Nbd7 7. Nge2 Nb6 8. d3 Nbxd5 9. 0-0 g6 10. Bg5 h6 11. Bd2 Bg7 12. Kh1 0-0 13. Qe1 e6 14. Qg3 c6 15. Nf4 Nxf4 16. Bxf4 Nh5 17. Qg4 e5 18. Qxg6 Nxf4 19. Qe4 Be6 20. g3 Nd5 21. Nd1 Qd7 22. Nf2 Nb6 23. Bxe6 Qxe6 24. Qe2 Rae8 25. Rae1 Qd5 26. b3 f5 27. g4 fxg4 28. Nxg4 Rf4 29. Qg2 h5 30. Ne3 Qf7 31. Re2 Re6 32. Qh3 Ref6 33. Ref2 e4 34. dxe4 Rxe4 35. fxe4 Rxf2 36. Rxf2 Qxf2 37. Qe6+ Qf7 38. Qh3 Qg6 39. Nf5 Qg5 40. Qf3 Nd7 41. h4 Ne5 42. Qd1 Qf4 43. Qd8+ Kh7 44. Nxg7 Qxe4+ 45. Kh2 Ng4+ 0-1

[Event "Mecklenburg VP VL 1112"]
[Site "Mecklenburg VP"]
[Date "2011.11.20"]
[Round "3.3"]
[White "Wittig, Harry"]
[Black "Junggebauer, Thomas"]
[Result "1/2-1/2"]
[WhiteElo "1913"]
[BlackElo "1879"]
[PlyCount "100"]
[EventDate "2011.10.02"]
[EventType "team-tourn"]
[EventRounds "9"]
[EventCountry "GER"]
[SourceTitle "EXT 2022"]
[Source "ChessBase"]
[SourceDate "2021.10.06"]
[SourceVersion "1"]
[SourceVersionDate "2021.10.06"]
[SourceQuality "1"]
[WhiteTeam "Waren ESV"]
[BlackTeam "Wismar ASV Gruen-Weiss"]
[WhiteTeamCountry "GER"]
[BlackTeamCountry "GER"]

1. d4 d5 2. Nf3 Nf6 3. e3 e6 4. Bd3 c5 5. c3 Nc6 6. Nbd2 Qc7 7. 0-0 Be7 8. dxc5 Bxc5 9. e4 0-0 10. Qe2 Ng4 11. Nb3 Bd6 12. h3 Nge5 13. Nxe5 Nxe5 14. Bc2 dxe4 15. Bxe4 Bd7 16. Nd4 a6 17. Qh5 g6 18. Qe2 Rfe8 19. Rd1 Bc6 20. Bg5 Bxe4 21. Qxe4 f5 22. Qe2 Nf7 23. Bf6 e5 24. Nf3 Re6 25. Bg5 Rae8 26. Bd2 h6 27. c4 Qb6 28. Bc3 Bb8 29. Rd7 Bd6 30. g4 fxg4 31. hxg4 Qc6 32. Rxf7 Kxf7 33. b4 Bb8 34. Nd2 e4 35. Nf1 Qc7 36. Rd1 R8e7 37. c5 Qf4 38. Rd8 Be5 39. Bxe5 Rxe5 40. Qc4+ R5e6 41. Ne3 Kg7 42. a4 Qf7 43. Qd4+ Qf6 44. Qxf6+ Kxf6 45. Nd5+ Kg5 46. Nxe7 Rxe7 47. Rd6 h5 48. gxh5 gxh5 49. b5 axb5 50. Rd5+ Kg4 1/2-1/2

[Event "Mecklenburg VP VL 1011"]
[Site "Mecklenburg VP"]
[Date "2010.12.12"]
[Round "4.4"]
[White "Kohn, Thomas2"]
[Black "Junggebauer, Thomas"]
[Result "0-1"]
[WhiteElo "1909"]
[BlackElo "1871"]
[PlyCount "60"]
[EventDate "2010.10.10"]
[EventType "team-tourn"]
[EventRounds "9"]
[EventCountry "GER"]
[SourceTitle "EXT 2022"]
[Source "ChessBase"]
[SourceDate "2021.10.06"]
[SourceVersion "1"]
[SourceVersionDate "2021.10.06"]
[SourceQuality "1"]
[WhiteTeam "Stralsund FHSG"]
[BlackTeam "Wismar ASV Gruen-Weiss"]
[WhiteTeamCountry "GER"]
[BlackTeamCountry "GER"]

1. Nf3 d5 2. c4 e6 3. g3 Nf6 4. Bg2 Be7 5. 0-0 0-0 6. b3 c5 7. cxd5 exd5 8. d3 b6 9. Bb2 Bb7 10. Na3 Nbd7 11. Qd2 Rc8 12. Nh4 Ne8 13. Nf5 Bf6 14. Nb5 Bxb2 15. Qxb2 Ndf6 16. Nxa7 Ra8 17. Nb5 Qd7 18. Nxg7 Kxg7 19. a4 Bc6 20. Qe5 Qe6 21. Qb2 Bxb5 22. axb5 Nc7 23. e4 Rxa1 24. Rxa1 Nxb5 25. exd5 Qd6 26. Qd2 h6 27. Qb2 Re8 28. Be4 Nd4 29. b4 Nxe4 30. bxc5 Qf6 0-1

[Event "Mecklenburg VP VL 1011"]
[Site "Mecklenburg VP"]
[Date "2010.10.24"]
[Round "2.5"]
[White "Junggebauer, Thomas"]
[Black "Voll, Andreas"]
[Result "1/2-1/2"]
[WhiteElo "1871"]
[BlackElo "1930"]
[PlyCount "99"]
[EventDate "2010.10.10"]
[EventType "team-tourn"]
[EventRounds "9"]
[EventCountry "GER"]
[SourceTitle "EXT 2022"]
[Source "ChessBase"]
[SourceDate "2021.10.06"]
[SourceVersion "1"]
[SourceVersionDate "2021.10.06"]
[SourceQuality "1"]
[WhiteTeam "Wismar ASV Gruen-Weiss"]
[BlackTeam "Neukloster II"]
[WhiteTeamCountry "GER"]
[BlackTeamCountry "GER"]

1. e4 c5 2. Nf3 Nc6 3. d4 cxd4 4. Nxd4 d6 5. Nc3 Nf6 6. Bc4 e6 7. 0-0 Be7 8. Kh1 0-0 9. f4 d5 10. exd5 exd5 11. Bb3 Bg4 12. Qd3 Qd7 13. Bd2 Bc5 14. Ba4 Bxd4 15. Bxc6 bxc6 16. Qxd4 Bf5 17. Rac1 Rfe8 18. Rfe1 Rxe1+ 19. Bxe1 Re8 20. Bf2 Qd6 21. Re1 Rxe1+ 22. Bxe1 Bxc2 23. Qxa7 h6 24. Qf2 Bf5 25. b4 d4 26. Nd1 Ne4 27. Qf3 Nf6 28. Nf2 Qe6 29. Qd1 Qc4 30. Kg1 Nd5 31. Qd2 Nc3 32. a3 Ne2+ 33. Kh1 Nxf4 34. Kg1 Ne2+ 35. Kh1 Nf4 36. Kg1 Nd5 37. Nd1 d3 38. Ne3 Nxe3 39. Qxe3 Be4 40. a4 Bd5 41. a5 Qa2 42. Bd2 Qb1+ 43. Kf2 Qh1 44. Qg3 Qb1 45. a6 Qa2 46. Qxd3 Bc4 47. Qd8+ Kh7 48. Qd4 Bxa6 49. Qe4+ g6 50. Qf4 1/2-1/2